Constitución política de la República de Chile actualizada: leyes anotadas y concordadas
Uloženo v:
| Médium: | Kniha |
|---|---|
| Jazyk: | španělština |
| Vydáno: |
Santiago
Diario Oficial de la República de Chile
1991
|
| Témata: | |
| Tagy: |
Přidat tag
Žádné tagy, Buďte první, kdo vytvoří štítek k tomuto záznamu!
|
MARC
| LEADER | 00000nam a2200000 a 4500 | ||
|---|---|---|---|
| 001 | UCV2580 | ||
| 003 | CL-VaPUC | ||
| 008 | 920831e19910000CL |||||||||||||||||spa|d | ||
| 082 | 0 | 4 | |a 342.83 |b CON |2 21 |
| 245 | 1 | 0 | |a Constitución política de la República de Chile actualizada: leyes anotadas y concordadas |
| 300 | |a 129 p | ||
| 942 | |c BK | ||
| 945 | |d 19920831 00:00:00 | ||
| 260 | |a Santiago |b Diario Oficial de la República de Chile |c 1991 | ||
| 600 | 0 | 7 | |a CONSTITUCION POLITICA DE 1980 |2 CL-VaPUC |9 255131 |
| 650 | 0 | |a Derecho constitucional |9 222588 | |
| 651 | 7 | |a CHILE |2 CL-VaPUC |9 296821 | |
| 583 | |a last modification |c 19920831 00:00:00 |k Rodrigo Vera | ||
| 999 | |c 210110 |d 210108 | ||
| 952 | |0 0 |1 0 |4 0 |6 342_830000000000000_CON_1991 |7 0 |8 A |9 186135 |a BIBDER |b BIBDER |d 2019-11-14 |i 2536013 |o 342.83 CON 1991 |p 2536013 |r 2023-01-25 |w 2019-11-14 |y BK |k DER | ||